| 000 | 00587nam a2200205 4500 | ||
|---|---|---|---|
| 999 |
_c85222 _d322499 |
||
| 001 | |||
| 003 | OSt | ||
| 005 | 20221214152516.0 | ||
| 008 | 090214s2017 ua 0 000 0000 00eng0d | ||
| 020 | _a9789775239587 | ||
| 040 |
_ama-un _cma-un |
||
| 082 | 0 | 0 |
_bEAT _a418.02 _2EAT |
| 100 |
_aElewa, Abdelhamid. _9114340 |
||
| 245 | 1 | 0 |
_aTo be an interpreter / _cAbdelhamid Elewa. |
| 260 |
_aCairo : _bDar Al-Bayan, _c2017 |
||
| 300 |
_a181 p. ; _c24 cm. |
||
| 504 | _aيشتمل على قائمة ببليوجرافية. | ||
| 650 |
_aTranslating and interpreting _9114381 |
||
| 942 |
_2ddc _cBOOK |
||